| 000 | 01041cam a2200325 i 4500 | ||
|---|---|---|---|
| 001 | 200463170 | ||
| 003 | TR-AnTOB | ||
| 005 | 20241217122734.0 | ||
| 007 | ta | ||
| 008 | 220314s2019 tu $r15601 $$$$ 15tu 6tur u | ||
| 040 |
_aTR-AnTOB _beng _erda _cTR-AnTOB |
||
| 041 | 0 | _atur | |
| 044 | _ctu | ||
| 050 | 1 | 7 |
_aDR592.K37 _bA76 2019 |
| 090 |
_aDR592.K37 _bA76 2019 |
||
| 100 | 1 |
_aArmağan, Mustafa, _d1961- _960850 _eauthor |
|
| 245 | 1 | 0 |
_aKâzım Karabekir’in kitabı neden yakıldı?/ _cMustafa Armağan. |
| 264 | 1 |
_aİstanbul : _bDerin Tarih Kültür, _c2019. |
|
| 300 |
_a47 pages ; _c19 cm |
||
| 336 |
_atext _btxt _2rdacontent |
||
| 337 |
_aunmediated _bn _2rdamedia |
||
| 338 |
_avolume _bnc _2rdacarrier |
||
| 490 | 0 |
_aDerin Tarih Kültür Yayınları ; _v60 |
|
| 600 | 1 | 0 |
_aKarabekir, Kazım, _d1882-1948 _911862 |
| 650 | 7 |
_aDevlet adamları _zTürkiye _2etuturkob _914958 |
|
| 650 | 0 |
_aGeneraller _zTürkiye _vBiyografi _96836 |
|
| 651 | 7 |
_aTürkiye _xSiyaset ve yönetim _9120128 |
|
| 942 |
_2lcc _cBK |
||
| 999 |
_c200463170 _d81382 |
||